| 000 | 00541nam a2200193Ia 4500 | ||
|---|---|---|---|
| 001 | 7077 | ||
| 003 | GE_BSU | ||
| 008 | 181216s||||||||xx |||||||||||||| ||und|| | ||
| 040 | _cGE_BSU | ||
| 080 | _a519.85(075.8) | ||
| 100 | _aАстафьев,Н.Н. | ||
| 245 | _aВведение в теорию линеиного и выпуклого программирования | ||
| 245 | _cРед. В.А. Березнев | ||
| 260 | _aМосква | ||
| 260 | _c1976 | ||
| 300 | _a191стр. | ||
| 653 | _aМатематика | ||
| 942 | _cBK | ||
| 999 |
_c40466 _d40466 |
||